000 00874nam a2200253 4500
003 CO-ViMGA
020 _a9789587752656
040 _aCO-ViMGA
_bspa
_cCO-ViMGA
082 0 4 _a671.73
_bC17p
100 1 _aCapote Rodríguez, Gil
_d1960
_97255
245 1 0 _aProducción, caracterización y aplicaciones de recubrimientos producidos por plasma /
_cGill Capote Rodríguez
260 _aBogotá :
_bUniversidad Nacional de Colombia.
_c2015
300 _a204 p.
_bil.
490 _aColección Dirección de Investigación y Extensión
500 _aIncluye índice
504 _aIncluye bibliografia
650 1 4 _aMateriales nanoestructurados
_97257
650 1 4 _aNitruros
_97258
650 1 4 _aPelículas delgadas
_97259
650 1 4 _aRevestimientos
_97256
700 1 _aMarulanda Cardona, Diana Maritza
_97260
700 1 _aOlaya Flórez, Jhon Jairo
_97261
942 _2ddc
_cBK
999 _c37695
_d37695